zpět

Detail výsledku týmu

Dělnický dům, Jihlava

Datum a čas kvízu

37 Celkem bodů Celkový počet nahraných bodů na tomto kvízu bez doplňovacích otázek.
1. Pořadí na kvízu Konečné umístění týmu na tomto kvízu.

Zaznamenané odpovědi

# Otázka Odpověď Body Výsledky
1. Český prezident Miloš Zeman se... Vídeň, šilink (Schilling) 1
2. Mezinárodní skupina vědců přiš... Skrillex 1
3. Jak se jmenuje naše významná k... Milan Kundera 1
4. Švédský nábytkářský řetězec IK... začne nabízet pronájem nábytku 1
5. Apríl, nebo nechtěný omyl? Fot... Místo Slavie zval na souboj se Spartou. 1
6. V tomto tématu ověříme vaše zn... Zvěř nehájenou lze lovit po celý rok, zvěř hájená má omezenou dobu lovu. 1
7. Vyberte jedno psí plemeno, kte... A 0
8. Jelen bílý je zvláštní barevno... Žleby, Žehušice, Kopidlno a Janovice 0
9. Kolikaterák je tento jelen? desaterák (nerovný) 0
10. Co v myslivecké mluvě znamená... oči 1